| 000 | nam a22 a 4500 | ||
|---|---|---|---|
| 999 |
_c165508 _d165508 |
||
| 003 | BLK | ||
| 005 | 20220329162200.0 | ||
| 008 | 180410b bul|||||r ||||||| ||bul|| | ||
| 010 | _aKNG00173122000 | ||
| 040 | _aBLK | ||
| 041 |
_aBUL _cBUL |
||
| 080 |
_aИталианска литература _b821.131.1 _x-311.6 _z821.131.1-311.6 |
||
| 100 | 1 |
_aДжованьоли, Рафаело _eпърви автор _960922 |
|
| 139 |
_aДжованьоли, Рафаело _bД 52 |
||
| 245 | 1 | 0 |
_aСпартак _bИст. роман _cРафаело Джованьоли ; прев. от итал. Петър Драгоев ; худож. Никифор Русков ; с послесл. от Христо Милушев Данов. |
| 250 | _a7. изд. | ||
| 257 | _aITA | ||
| 260 |
_aСофия _bОтечество _c1982 |
||
| 300 |
_a576 с _bс ил. _c22 см |
||
| 380 | _aX | ||
| 490 |
_aИзбрани книги за деца и юноши _9202174 |
||
| 500 | _aОриг. загл. Spartaco / Raffaello Giovagnoli. - 1. изд. 1932. - Предходното изд. в поредицата Световна класика за деца и юноши. | ||
| 600 | 1 | 4 |
_aСпартак _9297542 |
| 653 | _aисторически романи | ||
| 700 | 1 |
_aДрагоев, Петър _eпрев. от итал. _9364831 |
|
| 700 | 1 |
_aРусков, Никифор _eхудож. _9364263 |
|
| 700 | 1 |
_aДанов, Христо Милушев _eс послесл. от _9377048 |
|
| 852 |
_aЦб 114554 _bЦб |
||
| 942 |
_cKNG _n0 _01 _s1 |
||
| 944 |
_aCR _c17.03.2015 _lф / _kРенета_Константинова |
||
| 944 |
_aED _c2022-03-29 _kГГГ |
||